Catalog

Record Details

Catalog Search



The stuffed bear mystery #90/ created by Gertrude ... Read More

Available copies

  • 2 of 2 copies available at LARL/NWRL Consortium.

Current holds

0 current holds with 2 total copies.

Show Only Available Copies
Location Call Number / Copy Notes Barcode Shelving Location Status Due Date
Karlstad LINK Site j pb (Text) 35500003342928 Main Available -
Thief River Falls Public Library j pb (Text) 35500004226526 Main Available -

Record details

  • ISBN: 0807555134 (pbk.) :
  • Physical Description: 118 p. : ill. ; 21 cm.
  • Publisher: Morton Grove, Ill. : A. Whitman, c2002.
Subject: Detective and mystery stories > Juvenile fiction.
LDR 01119cam a2200265Ia 4500
00144473
003LARL_NWRL_CONSORTIUM
00520020910123157.0
008020828s2002 ilua j 000 1 eng d
020 . ‡a0807555134 (pbk.) : ‡c$3.95
035 . ‡a(OCoLC)50498071
099 . ‡aWar
1001 . ‡aWarner, Gertrude Chandler, ‡d1890-1979. ‡0(LARL_NWRL_CONSORTIUM)48888
24514. ‡aThe stuffed bear mystery ‡n#90/ ‡ccreated by Gertrude Chandler Warner ; illustrated by Hodges Soileau.
260 . ‡aMorton Grove, Ill. : ‡bA. Whitman, ‡cc2002.
300 . ‡a118 p. : ‡bill. ; ‡c21 cm.
4900 . ‡aBoxcar children mysteries ; ‡v90
650 0. ‡aDetective and mystery stories ‡vJuvenile fiction. ‡0(LARL_NWRL_CONSORTIUM)172023
7001 . ‡aSoileau, Hodges. ‡0(LARL_NWRL_CONSORTIUM)75186
901 . ‡a44473 ‡bOCLC ‡c44473 ‡tbiblio

Additional Resources